| 000 | | | 03673nmc2a22002651x 450 |
| 001 | | | 5ced3649-f32b-4bdf-b6bc-3fe77acb4c9d |
| 005 | | | 20130831105900.0 |
| 100 | ## | $a | 20130731l19081912k y0rusy50 ca |
| 101 | 0# | $a | eng |
| 102 | ## | $a | RU |
| 105 | ## | $a | y z |||e| |
| 200 | 1# | $a | Письма книготорговой фирмы "P. M. Barnard" Англия |
| | $j | 1908-1912 |
| 215 | ## | $a | 149 листов |
| | $c | марки |
| 251 | ## | $c | Дело |
| 300 | ## | $a | На английском языке |
| 300 | ## | $a | Лист 132: конверт; лист 132а: вложение |
| 300 | ## | $a | Часть текста рукописная, часть напечатана на пишущей машинке |
| 330 | ## | $a | Ж. Смесь |
| 461 | #0 | $1 | 0011c5950b4-9b17-43ad-92f1-e565a07ae223 |
| | $1 | 2001 |
| | $a | Никольский Борис Владимирович, историк права, профессор Юрьевского и Петербургского университетов, один из руководителей главного совета "Русского собрания", поэт, критик |
| | $1 | 251 |
| | $c | Фонд |
| | $1 | 852 |
| | $j | 588 |
| 462 | #0 | $1 | 001855f2cb0-80f8-42f6-88fa-41bf4837b2b7 |
| | $1 | 2001 |
| | $a | Никольский Борис Владимирович. 1837-1919 гг. |
| | $1 | 251 |
| | $c | Опись |
| | $1 | 852 |
| | $j | 1 |
| 600 | #1 | $a | Никольский |
| | $b | Б. В. |
| | $g | Борис Владимирович |
| 601 | 02 | $a | "P. M. Barnard", книготорговая фирма (Англия) |
| 801 | #0 | $a | RU |
| | $b | GA_RF |
| 801 | #1 | $a | RU |
| | $b | НПО Опыт |
| | $c | 20130731 |
| | $2 | rusmarc |
| 801 | #2 | $a | RU |
| | $b | ПБ им. Б.Н. Ельцина |
| | $c | 20130831 |
| | $g | RCR |
| | $2 | rusmarc |
| 852 | ## | $a | ГА РФ |
| | $j | 1527 |
| 937 | ## | $d | 31181557 |
| | $h | ПБ |
| 035 | ## | $a | RuPRLIB51010348 |